000 01028nam a2200313 i 4500
003 EG-GICUC
005 20260202092313.0
008 260202s1991 fr ||||fr|||| 000 0 fre d
040 _aEG-GiCUC
_bfre
_cEG-GiCUC
_dEG-GiCUC
_eRda
082 0 4 _221
_a341.23
_bCO . C
092 0 4 _221
099 _aLaw1 11 341.23 CO . C 1991
100 1 _aCot, Jean-pierre
_eAuteur
245 1 3 _aLa Charte Des Nations Unies /
_cJean-pierre Cot, Alain Pellet ; Javier Perez De Cuellar.
250 _a2 Édition
264 1 _aParis :
_bEconomica,
_c1991.
300 _a1571 page :
_billustration ;
_c 24 cm.
336 _2rda contenu
_a texte
337 _2rda medias
_aOrdinateur
338 _2 transporteur rda
_a Ressource en ligne
546 _aTexte en français
650 1 4 _aDroit international public
_2
651 1 _2
700 1 _aCuellar, Javier Perez De
_ePréfacier
700 1 _aPellet, Alain
_eCo-Auteur
856 4 0 _uhttps://fll.law.cu.edu.eg/fulltext/bks/B11-05164.pdf
905 _a50
942 _2ddc
_cBK
_e21
_n0
999 _c60205
_d60205